La proteccin̤ sociolaboral multinivel de los trabajadores de edad avanzada

Bibliographic Details
Main Author: Monereo Přez, Jos ̌Luis
Format: eBook
Language:Spanish
Published: Albacete: Editorial Bomarzo, 2019
Subjects:
Online Access:Acceso restringido

MARC

LEADER 00000nam a22000007a 4500
005 20200303215424.0
007 cr|||| ||||
008 200303s2019 es |||||s|||| 00||0 spa d
020 |a 978-84-17310-74-5 
035 |a 31041 
040 |a vLex 
090 |c 10166  |d 10166 
100 1 |a Monereo Přez, Jos ̌Luis 
245 1 2 |a La proteccin̤ sociolaboral multinivel de los trabajadores de edad avanzada  |h [Recurso electrn̤ico] /  |c Jos ̌Luis Monereo Přez 
256 |a Servicio en ln̕ea 
260 |a Albacete:  |b Editorial Bomarzo,  |c 2019 
300 |a 1 recurso electrn̤ico 
506 1 |a Disponible solo en los productos indicados  |d vLex Global  |d vLex Global (Academic Edition, excluding Law Schools)  |d vLex Global (U.S. Academic Edition, Law Schools)  |d vLex Global (U.S. Academic Edition, excluding Law Schools)  |d vLex Global (Academic Edition, Law Schools) 
650 0 4 |a Derecho Laboral y Seguridad Social  |z Espaą 
740 0 |a vLex Libros (Servicio en ln̕ea) 
856 4 0 |u http://vlex.com/source/proteccion-sociolaboral-multinivel-trabajadores-edad-avanzada-31041  |z Acceso restringido 
942 |c BOOK 
999 0 |a Labor law and social security